Statistics for Largest Cities in Europe

Click here to take the quiz!

General Stats

  • This quiz has been taken 754 times
  • The average score is 19 of 25

Answer Stats

Population Country City % Correct
11,689,048RussiaMoscow
99%
7,825,300United KingdomLondon
99%
3,499,879GermanyBerlin
99%
3,284,110SpainMadrid
99%
2,777,979ItalyRome
99%
2,203,817FranceParis
98%
13,483,052TurkeyIstanbul
94%
1,621,537SpainBarcelona
94%
2,785,100UkraineKiev
94%
1,720,398PolandWarsaw
92%
1,730,278AustriaVienna
91%
1,733,685HungaryBudapest
91%
4,879,566RussiaSt Petersburg
89%
1,290,846Czech RepublicPrague
88%
1,353,186GermanyMunich
87%
1,338,436ItalyMilan
86%
1,677,985RomaniaBucharest
82%
1,864,100BelarusMinsk
81%
1,796,077GermanyHamburg
78%
1,313,806BulgariaSofia
78%
2,064,900AzerbaijanBaku
61%
1,350,136RussiaYekaterinburg
22%
1,470,000UkraineKharkiv
19%
1,250,615RussiaNizhny Novgorod
15%
1,164,896RussiaSamara
13%

Score Distribution

Percentile by Number Answered

Percent of People with Each Score

Your Score History

You have not taken this quiz